000 00655nam a2200205 i 4500
001 38639
003 ES-MaACL
005 20250814033433.0
007 t|
008 030226s1972 sp ||||1| spa d
100 1 _aBurton, Maurice.
_932787
245 1 0 _aAnimales /
_cMaurice Burton ; [traducción: Ramón Margalef].
260 _aMadrid, etc. :
_bDaimon,
_c[1972]
300 _a224 p., 6 lám. :
_bil. ;
_c18 cm.
505 8 _aContiene: 1: Origen y evolución de la vida animal
650 7 _aZoología
_2embne
_917868
700 1 _aMargalef, Ramón,
_d1919-2004
_976608
852 _aES-MaACL
_jC-52120
_bR.84998
999 _c38639
_d38639